Statystyki dla Pełne nazwy państw

Kliknij tutaj aby rozwiązać quiz!

Ogólne statystyki

  • Ten quiz został rozwiązany 54 razy
  • Średni wynik to 5 z 10

Statystyki odpowiedzi

HintOdpowiedź% Poprawnych
USAStany Zjednoczone
94%
RosjaFederacja Rosyjska
77%
ChinyChińska Republika Ludowa
68%
Wielka BrytaniaZjednoczone Królestwo
64%
NiemcyRepublika Federalna Niemiec
60%
HiszpaniaKrólestwo Hiszpanii
51%
HolandiaKrólestwo Niderlandów
45%
BiałoruśRepublika Białorusi
36%
Korea PółnocnaKoreańska Republika Ludowo Demokratyczna
34%
Afganistan(talibowie)Islamski Emirat Afganistanu
15%

Rozkład punktacji

Percentyl według liczby udzielonych odpowiedzi

Procent ludzi z każdym wynikiem

Twoja historia wyników

Nie rozwiązałeś tego quizu